Situación socioeconómica de las mujeres en la Comunidad de Madrid (Record no. 67682)

MARC details
000 -LEADER
campo de control de longitud fija 01023nam a2200253 i 4500
001 - NÚMERO DE CONTROL
campo de control 67682
003 - IDENTIFICADOR DE NÚMERO DE CONTROL
campo de control ES-MaACL
005 - FECHA Y HORA DE LA ÚLTIMA TRANSACCIÓN
campo de control 20250807233242.0
007 - CAMPO FIJO DE DESCRIPCIÓN FÍSICA--INFORMACIÓN GENERAL
campo de control de longitud fija t|
008 - DATOS DE LONGITUD FIJA--INFORMACIÓN GENERAL
campo de control de longitud fija 040610s2000 sp ||||1| spa d
020 ## - NÚMERO INTERNACIONAL ESTÁNDAR DEL LIBRO
Número Internacional Estándar del Libro 84-451-1837-4
080 ## - NÚMERO DE LA CLASIFICACIÓN DECIMAL UNIVERSAL
Número de la Clasificación Decimal Universal 308-055.2(460.27)
080 ## - NÚMERO DE LA CLASIFICACIÓN DECIMAL UNIVERSAL
Número de la Clasificación Decimal Universal 338.1-055.2(460.27)
100 1# - ENTRADA PRINCIPAL--NOMBRE DE PERSONA
Nombre de persona Villota, Paloma de.
9 (RLIN) 115281
245 10 - MENCIÓN DEL TÍTULO
Título Situación socioeconómica de las mujeres en la Comunidad de Madrid
Resto del título : análisis de la desigualdad de género en España /
Mención de responsabilidad, etc. Paloma de Villota.
260 ## - PUBLICACIÓN, DISTRIBUCIÓN, ETC.
Lugar de publicación, distribución, etc. Madrid :
Nombre del editor, distribuidor, etc. Comunidad de Madrid, Dirección General de la Mujer,
Fecha de publicación, distribución, etc. [2000]
300 ## - DESCRIPCIÓN FÍSICA
Extensión 2 v. :
Otras características físicas gráf. ;
Dimensiones 22 cm.
490 1# - MENCIÓN DE SERIE
Mención de serie Publicaciones/DGM, Dirección General de la Mujer ;
Designación de volumen o secuencia 16
650 14 - PUNTO DE ACCESO ADICIONAL DE MATERIA--TÉRMINO DE MATERIA
Término de materia o nombre geográfico como elemento de entrada Mujeres-
Subdivisión geográfica Madrid (Comunidad Autónoma)-
Subdivisión general Situación social.
9 (RLIN) 15296
650 ## - PUNTO DE ACCESO ADICIONAL DE MATERIA--TÉRMINO DE MATERIA
Término de materia o nombre geográfico como elemento de entrada Mujeres-
Subdivisión geográfica Madrid (Comunidad Autónoma)-
Subdivisión general Situación económica.
9 (RLIN) 15295
830 00 - PUNTO DE ACCESO ADICIONAL DE SERIE-TÍTULO UNIFORME
Título uniforme DGM, Dirección General de la Mujer
Designación de volumen o secuencia 16
9 (RLIN) 228545
852 ## - LOCALIZACIÓN
Ubicación ES-MaACL
Número de control de estantería L-27836-37
Sublocalización o colección R.133563
Holdings
Estatus retirado Estado de pérdida Estado de daño No para préstamo Biblioteca de origen Biblioteca actual Ubicación en estantería Fecha de adquisición Fuente de adquisición Total de préstamos Signatura topográfica completa Código de barras Visto por última vez Precio de reemplazo Tipo de ítem Koha
        Biblioteca del Ateneo de Madrid Biblioteca del Ateneo de Madrid Depósito 2 17/01/2008     L-27836-37 1070863 23/02/2023 23/02/2023 Libro impreso